[Event "Guingamp op 7th"]
[Site "Guingamp"]
[Date "2003.03.05"]
[Round "6"]
[White "Sorin, Baptiste"]
[Black "Le Diouron, Aurelie"]
[Result "1-0"]
[WhiteElo "2066"]
[BlackElo "1900"]
[PlyCount "79"]
[EventDate "2003.03.02"]
[EventType "swiss"]
[EventRounds "9"]
[EventCountry "FRA"]
[SourceTitle "EXT 2004"]
[Source "ChessBase"]
[SourceDate "2003.11.25"]
[SourceVersion "1"]
[SourceVersionDate "2003.11.25"]
[SourceQuality "1"]

1. e4 c5 2. Nf3 e6 3. d4 cxd4 4. Nxd4 Nc6 5. Nb5 d6 6. Bf4 e5 7. Be3 a6 8. N5c3 Nf6 9. Bc4 b5 10. Bb3 Qc7 11. 0-0 Be7 12. Nd5 Nxd5 13. Bxd5 0-0 14. c3 Kh8 15. Na3 f5 16. f4 fxe4 17. Bxe4 Bf5 18. Bd5 Rad8 19. Qf3 Na5 20. Qf2 Rb8 21. Ba7 exf4 22. Bxb8 Qxb8 23. Qd4 Bg5 24. Rae1 Qc7 25. Nb1 Bf6 26. Qf2 Bd3 27. Nd2 Bxf1 28. Kxf1 Be5 29. Kg1 Qd8 30. Nf3 Rf5 31. Re4 Rh5 32. b4 Nc4 33. Bxc4 bxc4 34. Rxc4 h6 35. Rc6 Qf6 36. Qc2 Kg8 37. Qe4 Rf5 38. c4 Bc3 39. Rc8+ Kf7 40. Qe8# 1-0

[Event "Guingamp op 7th"]
[Site "Guingamp"]
[Date "2003.03.03"]
[Round "4"]
[White "Sorin, Baptiste"]
[Black "Alanic, Xavier"]
[Result "1/2-1/2"]
[WhiteElo "2066"]
[BlackElo "2125"]
[PlyCount "49"]
[EventDate "2003.03.02"]
[EventType "swiss"]
[EventRounds "9"]
[EventCountry "FRA"]
[SourceTitle "EXT 2004"]
[Source "ChessBase"]
[SourceDate "2003.11.25"]
[SourceVersion "1"]
[SourceVersionDate "2003.11.25"]
[SourceQuality "1"]

1. e4 c6 2. d4 d5 3. Nc3 dxe4 4. Nxe4 Nf6 5. Nxf6+ exf6 6. Nf3 Bg4 7. Be2 Bd6 8. 0-0 Nd7 9. c4 0-0 10. Bd2 Re8 11. Re1 Qc7 12. h3 Bh5 13. b4 Nf8 14. Nh4 Bxe2 15. Rxe2 Ne6 16. d5 cxd5 17. cxd5 Nf4 18. Bxf4 Bxf4 19. g3 Be5 20. Rc1 Qb6 21. Qb3 Rac8 22. Rec2 Rcd8 23. Kg2 g6 24. Nf3 Bd6 25. a3 1/2-1/2

[Event "Guingamp op 7th"]
[Site "Guingamp"]
[Date "2003.03.03"]
[Round "3"]
[White "Sorin, Baptiste"]
[Black "Piankov, Evgenij"]
[Result "1/2-1/2"]
[WhiteElo "2066"]
[BlackElo "2370"]
[PlyCount "139"]
[EventDate "2003.03.02"]
[EventType "swiss"]
[EventRounds "9"]
[EventCountry "FRA"]
[SourceTitle "EXT 2004"]
[Source "ChessBase"]
[SourceDate "2003.11.25"]
[SourceVersion "1"]
[SourceVersionDate "2003.11.25"]
[SourceQuality "1"]

1. e4 g6 2. d4 Bg7 3. Nc3 c6 4. f4 d5 5. e5 h5 6. Be2 Nh6 7. Be3 Bg4 8. Nf3 e6 9. g3 Bf8 10. h3 Bxf3 11. Bxf3 Nf5 12. Bf2 Qb6 13. Qd3 Na6 14. 0-0-0 Ng7 15. Kb1 0-0-0 16. g4 Be7 17. Rdf1 Kb8 18. Be3 Rdg8 19. Ne2 Qb5 20. Qd2 Qa4 21. Nc1 c5 22. dxc5 Bxc5 23. Bxc5 Nxc5 24. Nb3 Nxb3 25. axb3 Qa6 26. Be2 Qb6 27. Bd3 Qd4 28. Qc3 Qb6 29. Qd2 Re8 30. Re1 Qc7 31. Qe3 Qd7 32. Qd4 Rd8 33. Ref1 a6 34. Kc1 hxg4 35. hxg4 Qe7 36. Kb1 Rdg8 37. Ka2 Ne8 38. Qe3 Nc7 39. Kb1 Rh4 40. Rxh4 Qxh4 41. Qf3 Qe7 42. Re1 Nb5 43. Bxb5 axb5 44. f5 gxf5 45. gxf5 Qb4 46. Rf1 Rc8 47. fxe6 fxe6 48. Qf6 Qe4 49. Rc1 Qg4 50. Qe7 Qf5 51. Qd6+ Ka7 52. Qa3+ Kb6 53. Qd6+ Rc6 54. Qd8+ Ka7 55. Qa5+ Ra6 56. Qc7 Qf2 57. b4 Qd4 58. c3 Qe4+ 59. Rc2 Rb6 60. b3 Rc6 61. Qa5+ Kb8 62. Qd8+ Rc8 63. Qd6+ Ka7 64. Kc1 Qe1+ 65. Kb2 Rc6 66. Rc1 Qxc1+ 67. Kxc1 Rxd6 68. exd6 Kb6 69. c4 Kc6 70. c5 1/2-1/2

[Event "Guingamp op 7th"]
[Site "Guingamp"]
[Date "2003.03.01"]
[Round "1"]
[White "Sorin, Baptiste"]
[Black "Sorin, Bruno"]
[Result "1-0"]
[WhiteElo "2066"]
[BlackElo "1540"]
[PlyCount "51"]
[EventDate "2003.03.02"]
[EventType "swiss"]
[EventRounds "9"]
[EventCountry "FRA"]
[SourceTitle "EXT 2004"]
[Source "ChessBase"]
[SourceDate "2003.11.25"]
[SourceVersion "1"]
[SourceVersionDate "2003.11.25"]
[SourceQuality "1"]

1. e4 c5 2. Nf3 Nc6 3. d4 cxd4 4. Nxd4 Nf6 5. Nc3 d6 6. Bg5 e6 7. Qd2 Be7 8. 0-0-0 0-0 9. f3 a6 10. g4 Qa5 11. Be3 Nxd4 12. Bxd4 b5 13. Kb1 Bb7 14. Nd5 Qxd2 15. Nxe7+ Kh8 16. Rxd2 Rad8 17. Nf5 exf5 18. gxf5 Nd7 19. Be2 f6 20. Rhd1 b4 21. Bc4 h5 22. Be6 Nb8 23. Bb6 Rde8 24. Rxd6 Nc6 25. Bd7 Ne5 26. Bxe8 1-0

[Event "FRA-chT 0102 U18"]
[Site "France"]
[Date "2002.05.10"]
[Round "11.1"]
[White "Sorin, Baptiste"]
[Black "Comte, Frederic"]
[Result "0-1"]
[WhiteElo "2066"]
[BlackElo "2200"]
[PlyCount "33"]
[EventDate "2001.10.??"]
[EventType "team"]
[EventRounds "11"]
[EventCountry "FRA"]
[SourceTitle "EXT 2003"]
[Source "ChessBase"]
[SourceDate "2002.11.25"]
[SourceVersion "1"]
[SourceVersionDate "2002.11.25"]
[SourceQuality "1"]
[WhiteTeam "Sautron"]
[BlackTeam "Hyeres"]
[WhiteTeamCountry "FRA"]
[BlackTeamCountry "FRA"]

1. e4 c5 2. Nf3 d6 3. d4 cxd4 4. Nxd4 Nf6 5. Nc3 g6 6. Be3 Bg7 7. f3 0-0 8. Qd2 Nc6 9. Bc4 Nd7 10. 0-0-0 Nb6 11. Bb3 Na5 12. Bh6 Nbc4 13. Qg5 e5 14. Nde2 Bf6 15. Qg3 Bh4 16. Bxf8 Bxg3 17. hxg3 0-1

[Event "Trignac L'Estuaire op 2nd"]
[Site "Trignac"]
[Date "2002.02.??"]
[Round "5"]
[White "Sorin, Baptiste"]
[Black "Ionescu, Cristian Dan"]
[Result "1/2-1/2"]
[WhiteElo "2062"]
[BlackElo "2330"]
[PlyCount "94"]
[EventDate "2002.08.14"]
[EventType "swiss"]
[EventRounds "9"]
[EventCountry "FRA"]
[SourceTitle "EXT 2003"]
[Source "ChessBase"]
[SourceDate "2002.11.25"]
[SourceVersion "1"]
[SourceVersionDate "2002.11.25"]
[SourceQuality "1"]

1. e4 c5 2. Nf3 a6 3. c3 d5 4. exd5 Qxd5 5. d4 Nf6 6. Be2 e6 7. 0-0 Nc6 8. Be3 cxd4 9. Nxd4 Nxd4 10. Bxd4 Bc5 11. Bf3 Qd6 12. Bxc5 Qxc5 13. Nd2 0-0 14. Nb3 Qc7 15. Qe2 Bd7 16. Rfd1 e5 17. Nd2 Rac8 18. Rac1 Rfe8 19. Ne4 Nxe4 20. Bxe4 Be6 21. Bd5 b5 22. Rd2 Rcd8 23. Rcd1 Bxd5 24. Rxd5 Rxd5 25. Rxd5 g6 26. Qd2 Qc4 27. b3 Qe4 28. f3 Qf5 29. Qd3 Qf4 30. Qd2 Qf5 31. Qd3 Qf4 32. Qd2 Qxd2 33. Rxd2 Rc8 34. Rd3 Kf8 35. Kf2 Ke7 36. Ke3 f5 37. Kd2 Ke6 38. Ke3 h5 39. h4 a5 40. Kd2 Rc6 41. Rd8 Rd6+ 42. Rxd6+ Kxd6 43. Kd3 Kc5 44. Ke3 Kd5 45. Kd3 Kc5 46. Ke3 Kd5 47. Kd3 Ke6 1/2-1/2

[Event "FRA-chT 0102 U18"]
[Site "France"]
[Date "2002.??.??"]
[Round "7.2"]
[White "Iglesias, Yosha"]
[Black "Sorin, Baptiste"]
[Result "1/2-1/2"]
[WhiteElo "1800"]
[BlackElo "2066"]
[PlyCount "108"]
[EventDate "2001.10.??"]
[EventType "team"]
[EventRounds "11"]
[EventCountry "FRA"]
[SourceTitle "EXT 2003"]
[Source "ChessBase"]
[SourceDate "2002.11.25"]
[SourceVersion "1"]
[SourceVersionDate "2002.11.25"]
[SourceQuality "1"]
[WhiteTeam "Vandoeuvre"]
[BlackTeam "Sautron"]
[WhiteTeamCountry "FRA"]
[BlackTeamCountry "FRA"]

1. d4 d5 2. c4 e6 3. Nc3 Be7 4. Nf3 Nf6 5. Bg5 0-0 6. e3 Nbd7 7. Rc1 b6 8. cxd5 exd5 9. Qa4 Bb7 10. Ba6 Bxa6 11. Qxa6 c5 12. 0-0 Qc8 13. Qxc8 Raxc8 14. Ne5 Rfd8 15. Nb5 a6 16. Na7 Rc7 17. Nac6 Nxe5 18. Nxe5 c4 19. Nd3 Rcc8 20. Nf4 b5 21. Rc2 b4 22. Rfc1 Kf8 23. Kf1 a5 24. f3 h6 25. Bxf6 Bxf6 26. Nh5 Be7 27. e4 dxe4 28. Rxc4 Rxc4 29. Rxc4 exf3 30. gxf3 g6 31. Ng3 Bf6 32. Ne2 Rd5 33. b3 Ke7 34. Rc7+ Ke8 35. Ra7 Bxd4 36. Nxd4 Rxd4 37. Rxa5 Rd2 38. Kg1 Ke7 39. Ra4 Kf6 40. Rxb4 Rxa2 41. Rf4+ Ke6 42. Rh4 h5 43. Rb4 Rb2 44. Rb5 Kd6 45. Rb7 f6 46. Rb6+ Ke5 47. Rb5+ Kf4 48. Rb6 Kg5 49. Rb5+ f5 50. Rb6 f4 51. Rb4 Rb1+ 52. Kg2 Rb2+ 53. Kg1 Rb1+ 54. Kg2 Rb2+ 1/2-1/2

[Event "FRA-chT 0102 U18"]
[Site "France"]
[Date "2002.??.??"]
[Round "5.1"]
[White "Sorin, Baptiste"]
[Black "Netzer, Jean"]
[Result "1-0"]
[WhiteElo "2066"]
[BlackElo "2125"]
[PlyCount "86"]
[EventDate "2001.10.??"]
[EventType "team"]
[EventRounds "11"]
[EventCountry "FRA"]
[SourceTitle "EXT 2003"]
[Source "ChessBase"]
[SourceDate "2002.11.25"]
[SourceVersion "1"]
[SourceVersionDate "2002.11.25"]
[SourceQuality "1"]
[WhiteTeam "Sautron"]
[BlackTeam "Bischwiller"]
[WhiteTeamCountry "FRA"]
[BlackTeamCountry "FRA"]

1. e4 c5 2. Nf3 e6 3. d4 cxd4 4. Nxd4 a6 5. Bd3 Bc5 6. Nb3 Ba7 7. 0-0 Nc6 8. Nc3 Nf6 9. Bf4 d6 10. Qe2 e5 11. Be3 Be6 12. Bxa7 Rxa7 13. Bc4 b5 14. Bd5 Ne7 15. f4 exf4 16. Bxe6 fxe6 17. e5 dxe5 18. Qxe5 Qb6+ 19. Kh1 Ng6 20. Qg5 Kf7 21. Qc5 Qxc5 22. Nxc5 b4 23. N3e4 Nxe4 24. Nxe4 e5 25. a3 Rb8 26. b3 h6 27. Rfe1 bxa3 28. Rxa3 Rb6 29. c4 Rc7 30. Kg1 Ne7 31. c5 Rbc6 32. b4 Nd5 33. Ra4 Ke6 34. Nd6 Nc3 35. Ra3 Nb5 36. Nxb5 axb5 37. Ra8 Kf5 38. Rb8 e4 39. Rxb5 e3 40. Rb8 g5 41. Rf8+ Ke4 42. g3 Re7 43. Kg2 Re5 1-0

[Event "FRA-chT 0001 U18"]
[Site "France"]
[Date "2001.??.??"]
[Round "10"]
[White "Perez, Flavio"]
[Black "Sorin, Baptiste"]
[Result "0-1"]
[WhiteElo "2115"]
[BlackElo "2085"]
[PlyCount "94"]
[EventDate "2000.??.??"]
[EventType "team"]
[EventRounds "11"]
[EventCountry "FRA"]
[SourceTitle "EXT 2003"]
[Source "ChessBase"]
[SourceDate "2002.11.25"]
[SourceVersion "1"]
[SourceVersionDate "2002.11.25"]
[SourceQuality "1"]

1. e4 c5 2. Nc3 Nc6 3. g3 g6 4. d3 Bg7 5. Be3 d6 6. Bg2 Rb8 7. Qd2 b5 8. f4 Nd4 9. Nd1 b4 10. c3 bxc3 11. bxc3 Nc6 12. Ne2 Qa5 13. 0-0 e6 14. g4 Bd7 15. Ng3 Nge7 16. f5 f6 17. Bf4 Ne5 18. Bxe5 dxe5 19. Ne3 0-0 20. h4 Bh6 21. g5 Bg7 22. Nc4 Qc7 23. fxg6 Nxg6 24. gxf6 Bxf6 25. Rxf6 Rxf6 26. Qg5 Qd8 27. Nxe5 Be8 28. Ng4 Rf4 29. Nh6+ Kh8 30. Qxc5 Qxh4 31. Ngf5 Qd8 32. Nd4 Qe7 33. Qxe7 Nxe7 34. Rf1 Rxf1+ 35. Bxf1 Bd7 36. Nf7+ Kg7 37. Ne5 Bc8 38. Nb3 Kf6 39. d4 Kg5 40. Kf2 Ng6 41. Nd3 Rb7 42. Ke3 Rf7 43. Be2 h5 44. Nbc5 h4 45. Nf2 Nf4 46. Bf1 e5 47. dxe5 Rc7 0-1

[Event "FRA-chT 0001 U18"]
[Site "Gonfreville"]
[Date "2000.12.22"]
[Round "6"]
[White "Frade Marques, Helder"]
[Black "Sorin, Baptiste"]
[Result "1-0"]
[WhiteElo "2181"]
[BlackElo "2106"]
[PlyCount "33"]
[EventDate "2000.11.??"]
[EventType "team"]
[EventRounds "11"]
[EventCountry "FRA"]
[SourceTitle "EXT 2002"]
[Source "ChessBase"]
[SourceDate "2001.11.25"]
[SourceVersion "1"]
[SourceVersionDate "2001.11.25"]
[SourceQuality "1"]

1. d4 d5 2. Nf3 Bf5 3. c4 e6 4. Nc3 Nf6 5. Bg5 Be7 6. Bxf6 Bxf6 7. cxd5 exd5 8. Qb3 0-0 9. Qxb7 Nd7 10. Qxd5 Be6 11. Qe4 Nb6 12. e3 g6 13. Qc2 a6 14. Be2 Qe7 15. 0-0 h5 16. Ne4 Bg7 17. Qc5 1-0